Guess the Fusion Rock Song Lyrics #178 - Statistics

General Stats
  • This quiz has been taken 17 times
  • The average score is 297 of 396
Answer Stats
Answer % Correct
a
100%
I
100%
it
100%
on
100%
the
100%
you
100%
and
94%
be
94%
it's
94%
know
94%
love
94%
one
94%
When
94%
why
94%
can't
88%
don't
88%
go
88%
in
88%
to
88%
With
88%
with
88%
all
81%
just
81%
no
81%
that
81%
you're
81%
Going
75%
going
75%
got
75%
me
75%
of
75%
won't
75%
gone
69%
let
69%
should
69%
Bee Gees
63%
feeling's
63%
make
63%
take
63%
time
63%
down
56%
Down
56%
hard
56%
Here
56%
lonely
56%
Night
56%
Tragedy
56%
tragedy
56%
world
56%
ah
50%
Ah
50%
day
50%
lie
50%
now
50%
really
50%
there's
50%
alone
44%
cries
44%
nowhere
44%
beside
38%
holdin
38%
lost
38%
Lovin
38%
lovin
38%
soul
38%
bear
31%
lose
31%
morning
31%
control
25%
home
25%
town
25%
tears
19%
drown
13%
inside
13%
slowly
13%
burning
6%
Burning
6%
Held
6%
part of
6%
yearning
6%
No matching quizzes found
Score Distribution
Percent of People with Each Score
Percentile by Number Answered
Your Score History
You have not taken this quiz